[Event "CZE-ch U12"]
[Site "Kouty nad Desnou"]
[Date "2020.03.09"]
[Round "3"]
[White "Martirosyan, David"]
[Black "Day, Tobias"]
[Result "0-1"]
[WhiteElo "1522"]
[BlackElo "1837"]
[PlyCount "66"]
[EventDate "2020.03.07"]
[EventType "swiss"]
[EventRounds "7"]
[EventCountry "CZE"]
[SourceTitle "CBM 195 Extra"]
[Source "ChessBase"]
[SourceDate "2020.05.31"]
[SourceVersion "1"]
[SourceVersionDate "2020.05.31"]
[SourceQuality "1"]

1. e4 c5 2. Nf3 d6 3. d4 cxd4 4. Nxd4 Nf6 5. Nc3 g6 6. g3 Nc6 7. Nde2 Bd7 8. Bg2 Qc8 9. h3 Bg7 10. Nf4 0-0 11. 0-0 Rb8 12. a4 e5 13. Nfd5 Bxh3 14. Nxf6+ Bxf6 15. Qxd6 Be7 16. Qd2 f6 17. Nd5 Rf7 18. Qh6 Bxg2 19. Kxg2 Bf8 20. Qh4 Qe6 21. Rh1 Rd8 22. Ra3 Bxa3 23. bxa3 Nd4 24. Rd1 Nc6 25. Bb2 h5 26. f4 Kg7 27. fxe5 fxe5 28. Nf4 Rxf4 29. gxf4 Rxd1 30. fxe5 Qg4+ 31. Qxg4 hxg4 32. Kg3 Kf7 33. Kxg4 Ke6 0-1

[Event "CZE-ch U12"]
[Site "Kouty nad Desnou"]
[Date "2020.03.07"]
[Round "1"]
[White "Kubin, Tomas Daniel"]
[Black "Day, Tobias"]
[Result "1-0"]
[WhiteElo "1484"]
[BlackElo "1837"]
[PlyCount "45"]
[EventDate "2020.03.07"]
[EventType "swiss"]
[EventRounds "7"]
[EventCountry "CZE"]
[SourceTitle "CBM 195 Extra"]
[Source "ChessBase"]
[SourceDate "2020.05.31"]
[SourceVersion "1"]
[SourceVersionDate "2020.05.31"]
[SourceQuality "1"]

1. e4 c5 2. Nf3 d6 3. d4 cxd4 4. Nxd4 Nf6 5. Nc3 g6 6. Be3 Bg7 7. f3 0-0 8. Qd2 Nc6 9. 0-0-0 d5 10. Nxc6 bxc6 11. exd5 Nxd5 12. Nxd5 cxd5 13. Qxd5 Qc7 14. Qc5 Qb7 15. b3 Be6 16. Qa5 a6 17. Bd3 f5 18. Rhe1 Rfc8 19. Qb6 Qxb6 20. Bxb6 Rc6 21. Rxe6 Rxe6 22. Bc4 Kf7 23. Re1 1-0

[Event "Ricany op-A"]
[Site "Ricany"]
[Date "2019.08.27"]
[Round "5"]
[White "Kovar, Jan2"]
[Black "Day, Tobias"]
[Result "1/2-1/2"]
[WhiteElo "1885"]
[BlackElo "1761"]
[PlyCount "40"]
[EventDate "2019.08.24"]
[EventType "swiss"]
[EventRounds "9"]
[EventCountry "CZE"]
[SourceTitle "EXT 2020"]
[Source "ChessBase"]
[SourceDate "2019.10.17"]
[SourceVersion "1"]
[SourceVersionDate "2019.10.17"]
[SourceQuality "1"]

1. e4 c5 2. Nf3 d6 3. Bb5+ Bd7 4. Bxd7+ Qxd7 5. c4 Nf6 6. Nc3 g6 7. d4 cxd4 8. Nxd4 Bg7 9. f3 0-0 10. Be3 a6 11. 0-0 Rc8 12. Qd3 Nc6 13. b3 Qc7 14. Rac1 Rab8 15. Nd5 Ne5 16. Qe2 Nxd5 17. exd5 Qa5 18. Bf2 Rc7 19. a4 Rbc8 20. Rfd1 Kf8 1/2-1/2

[Event "Ricany op-A"]
[Site "Ricany"]
[Date "2019.08.26"]
[Round "4"]
[White "Reljic, Michael"]
[Black "Day, Tobias"]
[Result "1-0"]
[WhiteElo "1890"]
[BlackElo "1761"]
[PlyCount "61"]
[EventDate "2019.08.24"]
[EventType "swiss"]
[EventRounds "9"]
[EventCountry "CZE"]
[SourceTitle "EXT 2020"]
[Source "ChessBase"]
[SourceDate "2019.10.17"]
[SourceVersion "1"]
[SourceVersionDate "2019.10.17"]
[SourceQuality "1"]

1. e4 c5 2. Nf3 d6 3. c3 Nf6 4. Be2 Nc6 5. d3 e5 6. h3 Be7 7. Be3 0-0 8. 0-0 d5 9. exd5 Nxd5 10. Nbd2 f5 11. Nc4 Qc7 12. Rc1 Be6 13. Bg5 Rad8 14. Qc2 b5 15. Bxe7 Ndxe7 16. Ng5 Bf7 17. Nd2 Nd5 18. Nxf7 Rxf7 19. Rfe1 Kh8 20. Nf3 Rfd7 21. d4 e4 22. Ng5 Qd6 23. Bxb5 cxd4 24. cxd4 Nxd4 25. Bxd7 Nxc2 26. Nf7+ Kg8 27. Nxd6 Nxe1 28. Be6+ Kf8 29. Nb7 Rb8 30. Bxd5 Nd3 31. Rc7 1-0

[Event "Ricany op-A"]
[Site "Ricany"]
[Date "2019.08.24"]
[Round "1"]
[White "Day, Tobias"]
[Black "Stojkovic, Andreja"]
[Result "1-0"]
[WhiteElo "1761"]
[BlackElo "1968"]
[PlyCount "91"]
[EventDate "2019.08.24"]
[EventType "swiss"]
[EventRounds "9"]
[EventCountry "CZE"]
[SourceTitle "EXT 2020"]
[Source "ChessBase"]
[SourceDate "2019.10.17"]
[SourceVersion "1"]
[SourceVersionDate "2019.10.17"]
[SourceQuality "1"]

1. e4 c5 2. Nf3 Nf6 3. Nc3 Nc6 4. Bb5 Nd4 5. e5 Nxb5 6. Nxb5 Nd5 7. Nc3 Nxc3 8. dxc3 e6 9. Bf4 Be7 10. Qd3 0-0 11. 0-0-0 a5 12. c4 a4 13. a3 Ra6 14. Nd2 f5 15. Nb1 g5 16. Bd2 d5 17. Qg3 f4 18. Qg4 Qc7 19. Rde1 d4 20. h4 Rf5 21. hxg5 Rxe5 22. g6 Rxe1+ 23. Bxe1 h6 24. Rxh6 Bf6 25. Nd2 e5 26. Qh5 Bg7 27. Rh7 Qe7 28. Ne4 Bd7 29. f3 Be8 30. Bh4 Bxg6 31. Bxe7 Bxh5 32. Rxh5 Re6 33. Bxc5 Rc6 34. b3 axb3 35. cxb3 b5 36. cxb5 Rc8 37. Kd2 Rb8 38. b6 Kf7 39. a4 Kg6 40. Rg5+ Kf7 41. Nd6+ Kf6 42. Rxg7 Kxg7 43. b7 e4 44. Ba7 exf3 45. gxf3 Rh8 46. Bxd4+ 1-0

[Event "EU-chT U12"]
[Site "Pardubice"]
[Date "2019.07.13"]
[Round "3.1"]
[White "Smolik, Jachym"]
[Black "Day, Tobias"]
[Result "1/2-1/2"]
[WhiteElo "1757"]
[BlackElo "1826"]
[PlyCount "98"]
[EventDate "2019.07.11"]
[EventType "team-swiss"]
[EventRounds "7"]
[EventCountry "CZE"]
[SourceTitle "EXT 2020"]
[Source "ChessBase"]
[SourceDate "2019.10.17"]
[SourceVersion "1"]
[SourceVersionDate "2019.10.17"]
[SourceQuality "1"]
[WhiteTeam "Czech Republic U12 II"]
[BlackTeam "Czech Republic U12 III"]
[WhiteTeamCountry "CZE"]
[BlackTeamCountry "CZE"]

1. d4 f5 2. e4 fxe4 3. Nc3 Nf6 4. Bg5 Nc6 5. d5 Ne5 6. Qd4 Nf7 7. Bxf6 exf6 8. Nxe4 Be7 9. 0-0-0 0-0 10. g4 d6 11. Ng3 Ne5 12. h3 f5 13. f4 Ng6 14. Bd3 Nxf4 15. Bxf5 g6 16. Kb1 gxf5 17. Qxf4 fxg4 18. Qe4 Qe8 19. hxg4 Qf7 20. N1e2 Bg5 21. Rh5 h6 22. Nd4 Re8 23. Ne6 Bxe6 24. dxe6 Rxe6 25. Qxb7 Rae8 26. Nf5 Re1 27. Rh1 Rxd1+ 28. Rxd1 Re2 29. Qxa7 Qc4 30. Qb8+ Kh7 31. Qb3 Qxb3 32. axb3 Rg2 33. Rd4 Kg6 34. Rc4 h5 35. Rxc7 hxg4 36. Nxd6 g3 37. Rc3 Rg1+ 38. Ka2 g2 39. Rg3 Kh5 40. Ne4 Bf4 41. Rg8 Kh4 42. Nf2 Be3 43. Ne4 Bd4 44. Nd2 Kh3 45. Nf3 Rd1 46. Rd8 Kg3 47. Nxd4 Rxd4 48. Rxd4 g1Q 49. Ra4 Qc5 1/2-1/2

[Event "EU-chT U12"]
[Site "Pardubice"]
[Date "2019.07.12"]
[Round "2.1"]
[White "Day, Tobias"]
[Black "Tancsa, Tamas"]
[Result "0-1"]
[WhiteElo "1826"]
[BlackElo "2126"]
[PlyCount "52"]
[EventDate "2019.07.11"]
[EventType "team-swiss"]
[EventRounds "7"]
[EventCountry "CZE"]
[SourceTitle "EXT 2020"]
[Source "ChessBase"]
[SourceDate "2019.10.17"]
[SourceVersion "1"]
[SourceVersionDate "2019.10.17"]
[SourceQuality "1"]
[WhiteTeam "Czech Republic U12 III"]
[BlackTeam "Hungary U12"]
[WhiteTeamCountry "CZE"]
[BlackTeamCountry "HUN"]

1. e4 e5 2. Nf3 Nc6 3. Bc4 Nf6 4. d3 h6 5. c3 d6 6. b4 g5 7. a4 g4 8. Nfd2 d5 9. exd5 Nxd5 10. Qb3 Be6 11. Ne4 Be7 12. Na3 a5 13. b5 Nb8 14. Nc2 f5 15. Ng3 Nd7 16. d4 N7b6 17. Na3 Nxc4 18. Qxc4 exd4 19. cxd4 Nf4 20. Qc2 Bb4+ 21. Kf1 Qxd4 22. Bb2 Qd5 23. Rg1 Bxa3 24. Bxa3 0-0-0 25. Rc1 Qc4+ 26. Ke1 Nd3+ 0-1

[Event "EU-chT U12"]
[Site "Pardubice"]
[Date "2019.07.11"]
[Round "1.1"]
[White "Day, Tobias"]
[Black "Cohen, Elad"]
[Result "1/2-1/2"]
[WhiteElo "1826"]
[BlackElo "2002"]
[PlyCount "125"]
[EventDate "2019.07.11"]
[EventType "team-swiss"]
[EventRounds "7"]
[EventCountry "CZE"]
[SourceTitle "EXT 2020"]
[Source "ChessBase"]
[SourceDate "2019.10.17"]
[SourceVersion "1"]
[SourceVersionDate "2019.10.17"]
[SourceQuality "1"]
[WhiteTeam "Czech Republic U12 III"]
[BlackTeam "Israel U12"]
[WhiteTeamCountry "CZE"]
[BlackTeamCountry "ISR"]

1. e4 e5 2. Nf3 Nc6 3. Bc4 Nf6 4. d3 Bc5 5. c3 d6 6. 0-0 h6 7. h3 0-0 8. Re1 a5 9. Bb3 Re8 10. Qe2 Be6 11. Bc2 d5 12. Nbd2 Ba7 13. Nf1 dxe4 14. dxe4 Qe7 15. Be3 Bxe3 16. Nxe3 Qc5 17. a4 Qb6 18. Qb5 Red8 19. Red1 Rxd1+ 20. Rxd1 Qxb5 21. axb5 Na7 22. c4 Re8 23. h4 Bc8 24. Nd2 Rd8 25. Nd5 Nxd5 26. exd5 Bg4 27. f3 Bh5 28. g4 Bg6 29. Bxg6 fxg6 30. Re1 c6 31. bxc6 bxc6 32. Rxe5 Kf7 33. Ne4 cxd5 34. Rxd5 Rxd5 35. cxd5 Nb5 36. Kf2 Nc7 37. Nd6+ Kf6 38. Nc4 Nxd5 39. Nxa5 Ke5 40. Nc6+ Kd6 41. Nd4 Nf4 42. Kg3 Nd3 43. b3 Ke5 44. Ne2 g5 45. hxg5 hxg5 46. Nc3 Nf4 47. Kf2 Kd4 48. Ne2+ Nxe2 49. Kxe2 Kc3 50. Ke3 Kxb3 51. Ke4 Kc4 52. Kf5 Kd4 53. Kxg5 Ke3 54. f4 Kf3 55. f5 Kg3 56. Kh5 Kf4 57. Kh4 Ke4 58. Kg3 Ke5 59. Kh4 Ke4 60. Kg3 Ke5 61. Kf3 g6 62. fxg6 Kf6 63. Kf4 1/2-1/2

[Event "Klatovy op-B 24th"]
[Site "Klatovy"]
[Date "2018.07.03"]
[Round "4"]
[White "Day, Tobias"]
[Black "Kirs, Pavel"]
[Result "1/2-1/2"]
[WhiteElo "1287"]
[BlackElo "1579"]
[PlyCount "109"]
[EventDate "2018.06.30"]
[EventType "swiss"]
[EventRounds "9"]
[EventCountry "CZE"]
[SourceTitle "CBM 185 Extra"]
[Source "ChessBase"]
[SourceDate "2018.07.29"]
[SourceVersion "1"]
[SourceVersionDate "2018.07.29"]
[SourceQuality "1"]

1. e4 e5 2. Nf3 Nc6 3. Bc4 Bc5 4. d3 Nf6 5. Nc3 h6 6. Be3 Bb6 7. h3 d6 8. Qd2 Be6 9. Bb3 Qe7 10. Nd5 Bxe3 11. fxe3 Bxd5 12. exd5 Nd8 13. Rf1 Nd7 14. Qf2 g5 15. Nd2 a6 16. Ne4 b6 17. Ba4 b5 18. Bb3 Nb7 19. a4 Nbc5 20. axb5 Nxe4 21. dxe4 Nc5 22. Bc4 Nxe4 23. Qf3 Nc5 24. bxa6 0-0 25. Qh5 Kg7 26. Rh1 f5 27. h4 g4 28. g3 Qd7 29. Rg1 Qe7 30. b4 Nd7 31. Ke2 e4 32. Raf1 Qe5 33. Kd2 Nb6 34. Bb3 Nxd5 35. Bxd5 Qxd5+ 36. Ke2 Qb5+ 37. Kf2 Qxb4 38. Kg2 Qc5 39. Kh1 Rxa6 40. Rf2 Ra5 41. Rgf1 Kh7 42. c4 Qe5 43. Rf4 Kg7 44. Kg1 Ra4 45. Rxf5 Qxg3+ 46. Kh1 Qh3+ 47. Kg1 Qxe3+ 48. Kh1 Rxf5 49. Qxg4+ Kh8 50. Qxf5 Ra8 51. Qf6+ Kh7 52. Qf5+ Kh8 53. Qf6+ Kh7 54. Qe7+ Kh8 55. Qf6+ 1/2-1/2

[Event "Prague Golden op 13th"]
[Site "Prague"]
[Date "2017.07.08"]
[Round "8"]
[White "Rezek, Filip"]
[Black "Day, Tobias"]
[Result "1/2-1/2"]
[WhiteElo "1199"]
[BlackElo "1187"]
[PlyCount "42"]
[EventDate "2017.07.01"]
[EventType "swiss"]
[EventRounds "9"]
[EventCountry "CZE"]
[SourceTitle "CBM 179 Extra"]
[Source "ChessBase"]
[SourceDate "2017.08.23"]
[SourceVersion "1"]
[SourceVersionDate "2017.08.23"]
[SourceQuality "1"]

1. c4 f5 2. Nf3 Nf6 3. g3 e6 4. d3 Nc6 5. Bg2 Be7 6. 0-0 0-0 7. Nc3 d6 8. Bg5 h6 9. Bxf6 Bxf6 10. Qc2 Bd7 11. a3 Be8 12. Nd2 Bf7 13. b4 Rb8 14. e3 Qd7 15. Rab1 Rfd8 16. Nb3 d5 17. c5 d4 18. exd4 Nxd4 19. Nxd4 Qxd4 20. Nb5 Qxd3 21. Qxd3 Rxd3 1/2-1/2

[Event "Prague Golden op 13th"]
[Site "Prague"]
[Date "2017.07.05"]
[Round "5"]
[White "Zednik, Petr"]
[Black "Day, Tobias"]
[Result "1/2-1/2"]
[WhiteElo "1533"]
[BlackElo "1187"]
[PlyCount "136"]
[EventDate "2017.07.01"]
[EventType "swiss"]
[EventRounds "9"]
[EventCountry "CZE"]
[SourceTitle "CBM 179 Extra"]
[Source "ChessBase"]
[SourceDate "2017.08.23"]
[SourceVersion "1"]
[SourceVersionDate "2017.08.23"]
[SourceQuality "1"]

1. e4 e5 2. Nf3 Nc6 3. Bc4 Nf6 4. d3 h6 5. 0-0 Bc5 6. h3 0-0 7. Nc3 d6 8. Be3 Bb6 9. a3 Na5 10. Ba2 Nc6 11. Qd2 Ne7 12. Nh4 Be6 13. Bxe6 fxe6 14. Bxb6 axb6 15. Nf3 c6 16. d4 exd4 17. Nxd4 Qd7 18. Nf3 e5 19. Rad1 Rfd8 20. Qe3 Qc7 21. Rfe1 b5 22. Ne2 Re8 23. Ng3 Rad8 24. Nh4 b6 25. Ngf5 Nxf5 26. Nxf5 d5 27. exd5 cxd5 28. Qg3 Kh7 29. Qb3 Qd7 30. Ng3 Qc6 31. Rd3 e4 32. Rd4 Qc5 33. Rb4 Rc8 34. Rxb5 Qxc2 35. Rxb6 Qxb3 36. Rxb3 d4 37. Nf5 Red8 38. Rb7 d3 39. Kf1 d2 40. Rd1 Nd5 41. g3 e3 42. Nxe3 Nxe3+ 43. fxe3 Rc1 44. Ke2 Rxd1 45. Kxd1 Rd3 46. Re7 Kg8 47. Re4 Kf7 48. g4 Rb3 49. Kxd2 Rxb2+ 50. Kc3 Rh2 51. Rf4+ Ke6 52. Rf3 Ke5 53. Kd3 Ra2 54. Rf5+ Ke6 55. Ra5 Rh2 56. Ke4 Rxh3 57. Ra6+ Ke7 58. a4 Rh4 59. Rg6 Kf7 60. Kf5 Rh3 61. Re6 Rf3+ 62. Ke4 Rxe3+ 63. Kxe3 Kxe6 64. Ke4 g6 65. a5 Kd6 66. a6 Kc7 67. Ke5 h5 68. gxh5 gxh5 1/2-1/2